Southville International School and Colleges
Your cart is empty.
  • Cart
  • Lists
    Public lists Eva Luna New books Lux_list list_1
    Your lists Log in to create your own lists
  • Log in to your account
  • Your cookies
  • Search history
Southville International School and Colleges
  • Advanced search
  • Recent comments
  • Most popular
  • Libraries

Log in to your account

Log in with GOOGLE


If you do not have an external account, but do have a local account, you can still log in:

  1. Home
  2. MARC view: Cultural heritage ethics: between theory and practice
Normal view MARC view ISBD view

Cultural heritage ethics: between theory and practice (Record no. 290630)

[ view plain ]
MARC details
000 -LEADER
fixed length control field 00460nam a2200145Ia 4500
008 - FIXED-LENGTH DATA ELEMENTS--GENERAL INFORMATION
fixed length control field 160216s9999 xx 000 0 und d
100 ## - MAIN ENTRY--PERSONAL NAME
Personal name Sandis, C.
245 ## - TITLE STATEMENT
Title Cultural heritage ethics: between theory and practice
245 ## - TITLE STATEMENT
Statement of responsibility, etc C. Sandis.
260 ## - PUBLICATION, DISTRIBUTION, ETC. (IMPRINT)
Name of publisher, distributor, etc Open Book Publishers
260 ## - PUBLICATION, DISTRIBUTION, ETC. (IMPRINT)
Date of publication, distribution, etc 2014
650 ## - SUBJECT ADDED ENTRY--TOPICAL TERM
General subdivision Heritage - ethics.
650 ## - SUBJECT ADDED ENTRY--TOPICAL TERM
General subdivision Heritage tourism - theory and practice.
856 ## - ELECTRONIC LOCATION AND ACCESS
Uniform Resource Identifier <a href="http://www.openbookpublishers.com/reader/276#page/4/mode/2up">http://www.openbookpublishers.com/reader/276#page/4/mode/2up</a>
Holdings
Withdrawn status Lost status Damaged status Home library Current library Date acquired Total Checkouts Date last seen Price effective from Koha item type
      College Library College Library 02/16/2016   02/16/2016 02/16/2016 Curriculum - Based eBooks

Cultural heritage ethics: between theory and practice

APA

Sandis C., .Cultural heritage ethics: between theory and practice. : Open Book Publishers.

Chicago

Sandis C, .Cultural heritage ethics: between theory and practice. : Open Book Publishers.

Harvard

Sandis C., .Cultural heritage ethics: between theory and practice. : Open Book Publishers.

MLA

Sandis C, .: Open Book Publishers. .

  • Place hold
  • Print
  • Cite
  • Add to your cart (remove)
  • Save record
    BIBTEX Dublin Core MARCXML MARC (non-Unicode/MARC-8) MARC (Unicode/UTF-8) MARC (Unicode/UTF-8, Standard) MODS (XML) RIS
  • More searches
    Search for this title in:
    Other Libraries (WorldCat) Other Databases (Google Scholar) Online Stores (Bookfinder.com) Open Library (openlibrary.org)

Exporting to Dublin Core...

SOUTHVILLE LIBRARY

Southville International School and Colleges Library

1281 Tropical Ave. Cor. Luxembourg St., BF Homes International, Las Pinas City

Tel. No. 8256374 / 252358 Loc. 117/146

Powered by Koha